| Tag |
First Indicator |
Second Indicator |
Subfields |
| LEADER |
00000nam a2200000 i 4500 |
| 001 |
in00004647321 |
| 006 |
m o d f |
| 007 |
cr m|||||||||| |
| 008 |
230120s2022 dcu o f000 0 eng c |
| 005 |
20230220201912.2 |
| 035 |
|
|
|a (OCoLC)on1362894592
|
| 040 |
|
|
|a GPO
|b eng
|e rda
|e pn
|c GPO
|d MvI
|
| 042 |
|
|
|a pcc
|
| 043 |
|
|
|a n-us---
|
| 049 |
|
|
|a WWW
|
| 074 |
|
|
|a 0603-B-07 (online)
|
| 086 |
0 |
|
|a I 1.121:18-1157
|
| 110 |
1 |
|
|a United States.
|b Department of the Interior.
|b Office of Inspector General,
|0 https://id.loc.gov/authorities/names/n79072338
|e author.
|
| 245 |
1 |
0 |
|a Summary :
|b former counselor to the Secretary failed to comply with the STOCK Act and misused their position to benefit friends.
|
| 246 |
3 |
0 |
|a Former counselor to the Secretary failed to comply with the STOCK Act and misused their position to benefit friends
|
| 264 |
|
1 |
|a Washington, DC :
|b Office of Investigations, Office of Inspector General, U.S. Department of the Interior,
|c 2022.
|
| 300 |
|
|
|a 1 online resource (1 page).
|
| 336 |
|
|
|a text
|b txt
|2 rdacontent
|
| 337 |
|
|
|a computer
|b c
|2 rdamedia
|
| 338 |
|
|
|a online resource
|b cr
|2 rdacarrier
|
| 490 |
1 |
|
|a Report ;
|v no. 18-1157
|
| 588 |
|
|
|a Description based on online resource, PDF version; title from caption (DOI OIG, viewed January 1, 2023).
|
| 500 |
|
|
|a "June 3, 2022."
|
| 500 |
|
|
|a "Report Numbers: 18-1157 and 19-0852."
|
| 500 |
|
|
|a In scope of the U.S. Government Publishing Office Cataloging and Indexing Program (C&I) and Federal Depository Library Program (FDLP).
|
| 500 |
|
|
|a GPO Cataloging Record Distribution Program (CRDP).
|
| 610 |
1 |
0 |
|a United States.
|b Department of the Interior.
|b Office of the Secretary
|x Officials and employees
|x Professional ethics.
|
| 610 |
1 |
0 |
|a United States.
|t Stop Trading on Congressional Knowledge Act of 2012 or the STOCK Act.
|0 https://id.loc.gov/authorities/names/no2012057363
|
| 650 |
|
0 |
|a Employee rules
|z United States.
|
| 810 |
1 |
|
|a United States.
|b Department of the Interior.
|b Office of Inspector General.
|t Report ;
|0 https://id.loc.gov/authorities/names/no2006111284
|v no. 18-1157.
|
| 856 |
4 |
0 |
|u https://purl.fdlp.gov/GPO/gpo190420
|t 0
|
| 999 |
f |
f |
|s 41c7746c-3a50-4265-9eae-dfdc28a6fb0d
|i d21df695-ed00-473e-ba96-7611847378bf
|t 0
|
| 952 |
f |
f |
|a Texas A&M University
|b College Station
|c Electronic Resources
|d Available Online
|t 0
|e I 1.121:18-1157
|h Superintendent of Documents classification
|
| 998 |
f |
f |
|a I 1.121:18-1157
|t 0
|l Available Online
|